Stock Market Trading Rules (Record no. 351882)

000 -LEADER
fixed length control field 00494nam a22001817a 4500
003 - CONTROL NUMBER IDENTIFIER
control field OSt
005 - DATE AND TIME OF LATEST TRANSACTION
control field 20180116183057.0
008 - FIXED-LENGTH DATA ELEMENTS--GENERAL INFORMATION
fixed length control field 161025b xxu||||| |||| 00| 0 eng d
020 ## - INTERNATIONAL STANDARD BOOK NUMBER
International Standard Book Number 8170941873
040 ## - CATALOGING SOURCE
Transcribing agency 0
082 ## - DEWEY DECIMAL CLASSIFICATION NUMBER
Classification number 332.042 ENG 1995
100 ## - MAIN ENTRY--PERSONAL NAME
Personal name William F. Eng
245 ## - TITLE STATEMENT
Title Stock Market Trading Rules
Remainder of title Fifty Golden Strategies
Statement of responsibility, etc. William F. Eng
260 ## - PUBLICATION, DISTRIBUTION, ETC.
Place of publication, distribution, etc. New Delhi
Name of publisher, distributor, etc. Vision Books
Date of publication, distribution, etc. 1995
300 ## - PHYSICAL DESCRIPTION
Extent 247 p.
Other physical details PB
440 ## - SERIES STATEMENT/ADDED ENTRY--TITLE
Title Stock Market Trading Rules
942 ## - ADDED ENTRY ELEMENTS (KOHA)
Source of classification or shelving scheme
Koha item type Book
Holdings
Withdrawn status Lost status Source of classification or shelving scheme Damaged status Not for loan Collection code Permanent Location Current Location Shelving location Date acquired Total Checkouts Total Renewals Full call number Barcode Date last seen Date last checked out Price effective from Koha item type
            Central Library (CL) Central Library (CL) General Stacks 10/25/2016 5 9 332.042 ENG 1995 NBSD-2916 01/10/2025 12/31/2024 10/25/2016 Book
© 2023 Central Library, National University of Sciences and Technology. All Rights Reserved.